Statistics for Games by id Software

Click here to take the quiz!

General Stats

  • This quiz has been taken 29 times
  • The average score is 4 of 5

Answer Stats

ClueGame% Correct
Violent sci-fi/horror first-person shooter. Popularized the genre.Doom
100%
"The first true first-person shooter." Violent. Unprecedented smooth 3D graphics.Wolfenstein 3D
96%
id's first true 3D FPS. Dark, gritty, maze-like environments. NIN.Quake
68%
Founder John Carmack's final game. Post-apocalyptic near future.Rage
56%
One of the first MS-DOS games with smooth horizontal-scrolling.Commander Keen
48%

Score Distribution

Percentile by Number Answered

Percent of People with Each Score

Your Score History

You have not taken this quiz